Loading...
Teak
| Main Author: | |
|---|---|
| Other Authors: | , |
| Format: | Printed Book |
| Language: | Undetermined |
| Published: |
Thrissur
Kerala Agricultual University
1996
|
| LEADER | 00507nam a2200157Ia 4500 | ||
|---|---|---|---|
| 008 | 140316s9999 xx 000 0 und d | ||
| 082 | |a 634.97396 |b TAT/TE | ||
| 100 | |a Tajuddin,E | ||
| 245 | |a Teak | ||
| 260 | |a Thrissur |b Kerala Agricultual University |c 1996 | ||
| 300 | |a 59 | ||
| 700 | |a Anoop,E.V | ||
| 700 | |a Santhosh ,Jacob | ||
| 942 | |2 ddc |c REF | ||
| 999 | |c 24881 |d 24881 | ||
| 952 | |0 0 |1 0 |2 ddc |4 0 |6 634_973960000000000_TATTE |7 0 |9 32882 |a KAUCLV |b KAUCLV |c IR |d 2014-03-18 |o 634.97396 TAT/TE |p 807455 |r 2014-03-18 |w 2014-03-18 |y REF | ||